| 000 | 00373nam a2200145Ia 4500 | ||
|---|---|---|---|
| 999 |
_c3066 _d3066 |
||
| 008 | 200103s 1986 ||||xx |||||||||||||| ||und|| | ||
| 020 | _a9780071005272, | ||
| 082 |
_a621.67 _bKAR |
||
| 100 | _aKarassik, Igor J. | ||
| 245 | 0 | _aPump Handbook | |
| 250 | _a2nd Ed. | ||
| 260 |
_bMcGraw-Hill Book Company _c1986 _aNew York |
||
| 300 | _axxi, A.32-A.38p. | ||
| 942 | _cBK | ||